Kto je pán pre obchodníka?

Vzťah obchodník - zákazník. Požiadavky zákazníkov na obchodníkov. Čo by sa malo zmeniť a ako.

Guardado en:
Detalles Bibliográficos
Autor principal: Ranta-Krenkku, Katarína
Formato: Capítulo de libro
Lenguaje:eslovaco
Materias:
Etiquetas: Agregar Etiqueta
Sin Etiquetas, Sea el primero en etiquetar este registro!

MARC

LEADER 00000naa a2200000 4500
001 0149313
005 20231208065541.1
041 0 |a slo 
044 |a SK 
245 1 0 |a Kto je pán pre obchodníka?  |c Katarína Ranta-Krenkku 
520 |a Vzťah obchodník - zákazník. Požiadavky zákazníkov na obchodníkov. Čo by sa malo zmeniť a ako. 
610 2 0 |a obchodníci 
610 2 0 |a zákazníci 
610 2 0 |a psychológia predaja 
100 1 |a Ranta-Krenkku, Katarína